00451nam a2200181Ia 4500008004100000020001800041050001400059100002100073245002400094245005200118260001500170260001600185260000900201300001400210300002700224300001000251500000800261170918s9999 xx 000 0 und d a9780545349437 bF725 2010 aFormento, Alison aThis tree counts! / cby Alison Formento ; illustrated by Sarah Snow. aNew York : bScholastic, c2010 aunpaged : bcolored illustration ; c21cm. a480